Balanç de polítiques municipals de joventut : 1983-1987 1983-1987
Descripción Física:
134 p. ; 21 cm
MARC
| LEADER | 00000nam a2200000Ia 4500 | ||
|---|---|---|---|
| 001 | 9003 | ||
| 008 | 160829s9999 xx 000 0 cat d | ||
| 080 | |a M-2-222 | ||
| 245 | |a Balanç de polítiques municipals de joventut : |b 1983-1987 | ||
| 260 | |a Barcelona : |b Joventut i Societat, dl 1987 | ||
| 300 | |a 134 p. ; |c 21 cm | ||
| 650 | |a Catalunya |x Política de la joventut |x 1983/1987 |9 22161 | ||
| 901 | |a Arxiu | ||
| 942 | |n 1 | ||
| 952 | |0 0 |1 0 |4 0 |6 M2222 |7 1 |9 42087 |a Arxiu |b Arxiu |d 2016-12-01 |l 0 |o M-2-222 |p 9003 |r 2016-12-01 00:00:00 |w 2016-12-01 |y ARXIU | ||
| 999 | |c 44534 |d 44534 | ||